Complétez le nom des pays du monde - Statistiques

Statistiques générales
  • Ce quiz a été pris 867 fois
  • Le résultat moyen est 163 sur 196
Statistiques - réponses
P___ ays % Correct
Afrique du ___ | Corée du ___ | Soudan du ___ Sud
100%
Afghanis___ | Bhou___ | Kazakhs___ | +5 others tan
100%
Allema___ | Espa___ | Polo___ gne
99%
Alba___ | Armé___ | Birma___ | +8 others nie
99%
Algé___ | Bulga___ | Hong___ | Sy___ rie
99%
Austra___ | Ita___ | Mongo___ | Soma___ lie
98%
Belgi___ | Domini___ | Jamaï___ | +3 others que
98%
Argent___ | Bosnie-Herzégov___ | Ch___ | +3 others ine
97%
Biélorus___ | Indoné___ | Malai___ | +3 others sie
97%
Autri___ che
96%
Arabie Saoud___ ite
96%
Colom___ | Gam___ | Nami___ | +2 others bie
95%
Finla___ | I___ | Irla___ | +3 others nde
95%
Corée du N___ | Macédoine du N___ ord
95%
Boli___ | Molda___ vie
95%
Émirats Arabes U___ | États-U___ nis
94%
Ando___ rre
94%
Cap-V___ ert
93%
Banglad___ esh
93%
Équat___ eur
93%
Fra___ nce
93%
Égy___ pte
93%
Croa___ tie
93%
Costa R___ ica
92%
Botsw___ | Gh___ | Guy___ ana
91%
Cambo___ dge
91%
Géor___ gie
91%
Côte d'Ivo___ ire
91%
Éthio___ pie
91%
Burkina F___ aso
90%
Bahr___ eïn
90%
Liechtenst___ ein
90%
Azerbaïd___ jan
90%
Baha___ mas
90%
Gui___ | Papouasie-Nouvelle-Gui___ née
90%
Camer___ oun
90%
Danem___ ark
89%
Chy___ pre
89%
Bré___ sil
89%
Isr___ aël
88%
Guatem___ ala
88%
Guinée Équatori___ ale
88%
Libe___ | Nige___ ria
88%
Barb___ | Gren___ ade
87%
Ang___ ola
87%
Luxembo___ urg
87%
Madagas___ car
85%
Portu___ | Séné___ gal
85%
Maldi___ ves
85%
Saint-Christophe-et-Nié___ vès
85%
Norv___ ège
84%
Monténé___ gro
84%
Philippi___ | Saint-Vincent-et-les-Grenadi___ nes
84%
Kos___ ovo
84%
Hondu___ ras
84%
Djibo___ uti
84%
Pays-___ Bas
83%
Ouga___ | Rwa___ nda
83%
Parag___ | Urug___ uay
83%
Slovaq___ | Turq___ uie
83%
Îles Marsh___ all
82%
République Démocratique du Co___ | République du Co___ ngo
82%
Singap___ our
82%
Qa___ tar
82%
Nicara___ gua
81%
Sri La___ nka
81%
Royaume-___ Uni
81%
Îles Salo___ mon
80%
Éryth___ rée
80%
Como___ res
80%
Venezu___ ela
79%
Seychel___ les
79%
Viêt ___ Nam
79%
Fi___ dji
78%
Salva___ dor
78%
Vati___ can
77%
Sou___ dan
77%
Yé___ men
77%
Bé___ nin
77%
Sainte-Lu___ cie
76%
Buru___ ndi
76%
Kow___ eït
75%
Sui___ sse
75%
Zimba___ bwe
74%
Pé___ rou
74%
Timor Orien___ tal
74%
Leso___ tho
74%
Can___ ada
73%
Surin___ ame
73%
Maur___ ice
73%
Saint-Ma___ rin
73%
Sierra Le___ one
72%
Ga___ bon
71%
Ke___ nya
71%
Guinée-Bis___ sau
71%
Ni___ ger
69%
Eswat___ ini
69%
Bru___ nei
69%
Ja___ pon
68%
Kirib___ ati
67%
Li___ ban
66%
Ha___ ïti
66%
Taï___ wan
66%
Né___ pal
65%
L___ | Pal___ aos
64%
O___ man
63%
Sao Tomé-et-Princ___ ipe
62%
Bel___ ize
61%
Antigua-et-Barb___ uda
61%
Li___ bye
60%
Tuv___ alu
59%
Pan___ ama
59%
Vanu___ atu
58%
Trinité-et-Tob___ ago
57%
Tc___ had
57%
Gr___ èce
55%
Ch___ ili
55%
I___ ran
54%
I___ rak
52%
M___ ali
48%
Mon___ aco
47%
T___ ogo
45%
C___ uba
42%
Mal___ awi
40%
To___ nga
40%
Su___ ède
36%
Ma___ roc
36%
Sa___ moa
35%
Ma___ lte
34%
Na___ uru
31%
Aucun quiz correspondant
Distribution des résultats
% des personnes avec chaque résultat
Percentile par nombre de réponses
Votre historique - résultats
Vous n’avez pas pris ce quiz